000 01544nam0a2200325 i 4500
001 RU\NLR\BIBL_A\010583507
005 20260406075228.0
021 _aRU
_b2014-84690
_95148
035 _a(NILC)RuMoRGB-007581930
035 _a(NLR Aleph) 010583507
090 _a10472142
_c10472142
100 _a20150114d2014 u y0rusy50 ca
101 0 _arus
_ager
102 _aRU
105 _aa|||j|||000yy
200 1 _aDie verlorene Ehre der Katharina Blum
_eучебное пособие по домашнему чтению по книге Г. Белля "Потерянная честь Катарины Блюм"
_eдля студентов 3-х курсов
_fР.В. Щеголева
_gВсерос. акад. внеш. торговли Минэкономразвития России, Каф. нем. яз.
205 _a3-е изд.
210 _aМосква
_cВАВТ
_d2014
215 _a57 с.
_cил.
_d29
225 1 _aLehrstuhl Deutsch
500 1 0 _aПотерянная честь Катарины Блюм
_92636088
_3RU\NLR\AUTH\5505102
606 1 _aНемецкий язык
_jУчебные издания для высших учебных заведений
_91063964
_3RU\NLR\AUTH\66413315
686 1 _aШ143.24-93рус3
700 1 _aЩеголева
_bР. В.
_gРимма Викторовна
702 1 _4570
_8rus
_7ca
_aБёлль
_bГ.
_gГенрих
_f1917-1985
_3RU\NLR\AUTH\7737239
_920228
801 0 _aRU
_bРГБ
_c20141112
_gRCR
942 _cBOOK
980 _aNBR